000 01918nam a2200205 i 4500
001 768714001
003 CO-MdBIC
005 20221125165128.0
008 220601t1984 ck |||| |||| 00| 0 spa d
040 _bspa
_aCO-MdFUSB
_cCO-MdFUSB
_dCO-MdFUSB
100 _aFlaubert, Gustave,
_eautor
245 _aTres cuentos :
_bUn alma de Dios, La leyenda de San Julián el hospitalario y Herodías
300 _a255-315 páginas
520 _aUn alma de Dios: Un alma de Dios, escrito en 1877, está considerado uno de los más importantes relatos de la Literatura Universal. A través de su lectura, podemos hacernos una idea general de cómo era la burguesía del siglo XIX: su hipocresía, mediocridad y egoísmo. Pero la grandeza de esta obra nos la encontramos en el personaje principal, Felicidad, un alma cándida, llena de ternura, muy compasiva, que intenta siempre ayudar a los demás.
520 _aLa leyenda de San Julián el hospitalario (La légende de Saint-Julien l'hospitalier) recrea minuciosamente la vida en la Europa medieval (y se asocia con la novela del mismo autor Las tentaciones de San Antonio) a través de la vida de San Julián, cazador compulsivo y parricida, y está inspirada en la historia del santo «tal como la muestra la vidriera de una iglesia de mi tierra», según confesó Flaubert.
520 _aHerodías: Finalmente la novela Salambó, del mismo autor, nos aproxima al bíblico de Salomé. Es una historia inspirada en el erotismo de la danza, que el autor hace extensible a la decapitación de San Juan Bautista, y pone de manifiesto la debilidad del prefecto Herodes, que no sabe qué hacer con el profeta preso en un mundo tan caótico, tan ruidoso y vacío al mismo tiempo como aquel.
650 7 _92654
_aLiteratura francesa
773 0 _067924
_981127
_aOveja Negra,
_o24690
_tMaestros de la literatura universal :
_w(CO-MdFUSB)768714001
_z8482806718
942 _cBK
999 _c67929
_d67929